home page   АИС "Историко-культурное наследие Беларуси"
  Базовый | Расширенный | Профессиональный | Словарь персоналий | Тематический словарь | По видам объектов История запросов  Заказы    Регистрация

Запись в MARC-формате

копировать MARC-запись

=LDR  00000nx\\c2200217\\\45\\
=001  BY-NLB-ar5231972
=005  20160330095636.2
=100  \\$a20120531arusy50\\\\\\ca0
=152  \\$apsbo
=160  \\$ae-bw
=215  \\$aКостел Внебовзятия Наисвятейшей Девы Марии (Налибоки, агрогородок; Столбцовский район)
=300  1\$aПамятник архитектуры эклектики с чертами модерна и неоренессанса. Неоконченное строительство каменного храма в 1935–1939 гг. завершено в 1990–1994 гг.
=356  \\$aНаходится на южной окраине агрогородка.
=415  \\$aКостел Внебовзятия Наисвятейшей Панны Марии (Налибоки, агрогородок; Столбцовский район)
=415  \\$aКостел Святой Девы Марии (Налибоки, агрогородок; Столбцовский район)
=515  \\$5w$3BY-NLB-ar5231938$aКасцёл Унебаўзяцця Найсвяцейшай Дзевы Марыі (Налібакі, аграгарадок; Стаўбцоўскі раён)
=801  \0$aBY$bBY-HM0000$c20120531
=810  \\$aНалибоки // Республика Беларусь : энциклопедия. [В 7 т.]. — Минск, 2007. — Т. 5. — С. 294.
=810  \\$aКаталіцкія храмы Беларусі / А. М. Кулагін. — Мінск, 2008.
=810  \\$aКасцёл у Налібоках / запісала Святлана Адамовіч // Ave Maria. ― 2012. ― № 3. ― С. 24 ―25.
=999  \\$f2786 NLB-NDARD$t20120531

Чтобы вернуться назад, щелкните кнопку BACK на Вашем браузере